000 00507nam a2200145 a 4500
001 000038819
005 20201002031401.0
008 130425s1979 xxua 000 0 spa d
040 _aDO-SdBNP
_bspa
_cBNPHU
100 1 _aDefoe, Daniel,
_d1661?-1731
_940733
245 1 0 _aThe adventures of Robinson Crusoe /
_cDaniel Defoe ; with the color woodcuts of Pierre Falke.
260 _aPennsylvania, Estados Unidos :
_bFranklin Library,
_c1979.
300 _a355 p. :
_bil. ;
_c24 cm.
590 _aInventariado, 2019 /LP
999 _c38309
_d38309